Historia de los heterodoxos españoles / (Record no. 159436)
[ view plain ]
| 000 -LEADER | |
|---|---|
| campo de control de longitud fija | 01036nam a2200253 i 4500 |
| 001 - NÚMERO DE CONTROL | |
| campo de control | 159436 |
| 003 - IDENTIFICADOR DE NÚMERO DE CONTROL | |
| campo de control | ES-MaACL |
| 005 - FECHA Y HORA DE LA ÚLTIMA TRANSACCIÓN | |
| campo de control | 20231228063237.0 |
| 008 - DATOS DE LONGITUD FIJA--INFORMACIÓN GENERAL | |
| campo de control de longitud fija | 940202m18801881sp |||| | spa d |
| 100 1# - ENTRADA PRINCIPAL--NOMBRE DE PERSONA | |
| Nombre de persona | Menéndez y Pelayo, Marcelino, |
| Fechas asociadas al nombre | 1856-1912 |
| 9 (RLIN) | 80332 |
| 245 10 - MENCIÓN DEL TÍTULO | |
| Título | Historia de los heterodoxos españoles / |
| Mención de responsabilidad, etc. | por Marcelino Menéndez Pelayo. |
| 260 ## - PUBLICACIÓN, DISTRIBUCIÓN, ETC. | |
| Lugar de publicación, distribución, etc. | Madrid : |
| Nombre del editor, distribuidor, etc. | Libreria Católica de San José, |
| Fecha de publicación, distribución, etc. | 1880-1881 ( |
| Fabricante | Imp. de F. Maroto e Hijos) |
| 300 ## - DESCRIPCIÓN FÍSICA | |
| Extensión | 3 v. (802 ; 786 ; 891 p.) ; |
| Dimensiones | 23 cm. |
| 530 ## - NOTA DISPONIBLE DE FORMULARIO FÍSICO ADICIONAL | |
| Nota de formato físico adicional disponible | Disponible en formato digital. |
| 597 ## - NOTA DE DESCRIPCIÓN FÍSICA | |
| NOTA DE DESCRIPCIÓN FÍSICA | Port. a dos tintas y con grab. xil. |
| 597 ## - NOTA DE DESCRIPCIÓN FÍSICA | |
| NOTA DE DESCRIPCIÓN FÍSICA | Signaturizados. |
| 597 ## - NOTA DE DESCRIPCIÓN FÍSICA | |
| NOTA DE DESCRIPCIÓN FÍSICA | Anteps. |
| 650 #4 - PUNTO DE ACCESO ADICIONAL DE MATERIA--TÉRMINO DE MATERIA | |
| Término de materia o nombre geográfico como elemento de entrada | Herejías- |
| Subdivisión geográfica | España- |
| Subdivisión de forma | Historia. |
| 9 (RLIN) | 153684 |
| 650 #4 - PUNTO DE ACCESO ADICIONAL DE MATERIA--TÉRMINO DE MATERIA | |
| Término de materia o nombre geográfico como elemento de entrada | Protestantes- |
| Subdivisión geográfica | España. |
| 9 (RLIN) | 169548 |
| 651 #4 - PUNTO DE ACCESO ADICIONAL DE MATERIA--NOMBRE GEOGRÁFICO | |
| Nombre geográfico | España- |
| Subdivisión general | Religión- |
| Subdivisión de forma | Historia. |
| 9 (RLIN) | 153685 |
| 852 ## - LOCALIZACIÓN | |
| Ubicación | ES-MaACL |
| Número de control de estantería | B-13111-13 |
| Nota libre | - Enc. hol. |
| condición física | - El v. 3 falto de apéndices, índice y colofón |
| 856 ## - LOCALIZACIÓN Y ACCESO ELECTRÓNICOS | |
| Identificador Uniforme de Recursos | <a href="http://bdh-rd.bne.es/viewer.vm?id=0000227244&page=1 ">http://bdh-rd.bne.es/viewer.vm?id=0000227244&page=1 </a> |
| Nota pública | Biblioteca Digital Hispánica |
| Estatus retirado | Estado de pérdida | Estado de daño | No para préstamo | Colección | Biblioteca de origen | Biblioteca actual | Ubicación en estantería | Fecha de adquisición | Total de préstamos | Signatura topográfica completa | Código de barras | Visto por última vez | Precio de reemplazo | Tipo de ítem Koha |
|---|---|---|---|---|---|---|---|---|---|---|---|---|---|---|
| Colección digital | Biblioteca del Ateneo de Madrid | Biblioteca del Ateneo de Madrid | Sala Pardo Bazán | 17/01/2008 | B-13111-13 | 1166909 | 23/02/2023 | 23/02/2023 | Libro impreso antiguo |
